| 000 | 00632nam a22001697a 4500 | ||
|---|---|---|---|
| 003 | MACL | ||
| 005 | 20160722125623.0 | ||
| 008 | 160722b xxu||||| |||| 00| 0 eng d | ||
| 040 | _cMACL | ||
| 041 | _aHindi | ||
| 082 | _a800 PAN | ||
| 100 |
_aपाण्डेय, शिवशंकर _964954 |
||
| 245 |
_aहिन्दी कहानी का वर्तमान चिंतन और संदर्भ _cशिवशंकर पाण्डेय |
||
| 260 |
_aकानपुर _bज्ञान प्रकाशन _c2011 |
||
| 650 |
_aकथा साहित्य _9191 |
||
| 942 |
_2ddc _cHIN |
||
| 999 |
_c54655 _d54655 |
||